| 000 | 00850nam a2200253 c 4500 | ||
|---|---|---|---|
| 003 | BLK | ||
| 005 | 20180413122545.0 | ||
| 008 | 180408b bul|||||r ||||||| ||bul|| | ||
| 010 | _aKNG00053245000 | ||
| 020 |
_a3-8068-4781-9 _bиздат.: FALKEN |
||
| 040 | _aBLK | ||
| 041 |
_aDEU _cDEU |
||
| 080 |
_aНемски език (високонемски, стандартен писмен) _b811.112.2 _x-313 _z811.112.2-313 |
||
| 139 |
_aNAUMANN, Horst _b |
||
| 245 | 1 | 0 |
_aDas grosse Buch der Familien Namen _bAlter, Herkunft, Bedeutung: Mit Unterstutzung der Gesellschaft fur deutsche Sprache |
| 260 |
_аNiedernhausen et al. _bFALKEN _c1994 |
||
| 300 |
_a320 c _c24 cm |
||
| 380 | _a80 | ||
| 852 | _aЦб 187018 | ||
| 856 | 4 |
_qpdf _u |
|
| 856 | 4 |
_qpdf _u |
|
| 942 |
_cKNG _n0 |
||
| 944 |
_aCR _c01.01.1999 _kAB_DOS |
||
| 944 |
_aED _c07.02.2017 _kЛили_Борисова |
||
| 999 |
_c49395 _d49395 |
||